000 00618nam a2200181 a 4500
001 000036244
005 20200930075630.0
008 120111s1991 cu ad 000 0 spa d
040 _aDO-SdBNP
_bspa
_cBNPHU
082 _axxxx
_bV141e
100 1 _aValcarcel Novo, Mario
_962331
245 1 3 _aLa enfermedad meningococica en cuba /
_cMario Valcarcel Novo, Rodolfo Rodríguez Cruz, Hector Terry Molinert.
260 _aEl Vedado :
_bEcimed,
_c1991.
300 _a400 p. :
_bgráf., il. ;
_c24 cm.
504 _aIncluye Bibliografía
700 1 2 _aRodríguez Cruz, Rodolfo
_962332
700 1 2 _aTerry Molinert, Hector
_962333
999 _c35735
_d35735